LEADER 00891nam a2200229 i 4500 001 000000171362 003 CaOOAMICUS 005 20230331125312.0 008 080426s1950 it u000 u ita u 040 $aSeMil$bita 100 1 $aDe Michelis, Eurialo.$0(OLS)http://semarc/name/19078 245 10$aDostojevskij /$cEurialo De Michelis. 264 1$aFirenze :$bLa Nuova Italia,$c1950. 300 $a657 p. ;$c20 cm. 490 1 $aCollana critica ;$v48 600 14$aDostoevskij, Fëdor Michajlovi? <1821-1881>.$0(OLS)http://semarc/subject/44922 830 0$aCollana critica ;$v48.$0(OLS)http://semarc/title/14466 850 $aSeMil 852 $aSeMil$W1$xVenegono$y1$m1R I 6$j239147$B122231$CSeMilBibl$Z2$F133555 $81 996 $6245$aDostojevskij$9(OLS)http://semarc/title/245127 996 $6264$aFirenze :$bLa Nuova Italia$9(OLS)http://semarc/publisher/30055 LEADER 01525nam a2200301 4500 001 000000358601 003 CaOOAMICUS 005 20240610105839.0 008 240610s2023 it 000 u ita r 020 $a978-88-399-3454-3 040 $aSeMil$bita 100 1 $aEbner, Martin,$d<1956- >.$0(OLS)http://semarc/name/31667 240 10$aBraucht die katholische Kirche Priester?.$0(OLS)http://semarc/title/448978 245 13$aLa Chiesa ha bisogno di sacerdoti? :$bun accertamento a partire dal Nuovo Testamento /$cMartin Ebner ; prefazione all'edizione italiana di Flavio Dalla Vecchia. 264 1$aBrescia :$bQueriniana,$c2023. 300 $a124 p. ;$c20 cm 490 1 $aGiornale di teologia ;$v454 650 04$aEcclesiologia - Sec. 21.$0(OLS)http://semarc/subject/55779 650 4$aSacerdozio - Concezione cattolica.$0(OLS)http://semarc/subject/55780 650 4$aBibbia - NT - Servizio sacerdotale.$0(OLS)http://semarc/subject/37308 700 1 $aDalla Vecchia, Flavio.$0(OLS)http://semarc/name/94 830 0$aGiornale di teologia ;$v454.$0(OLS)http://semarc/title/419620 850 $aSeMil 852 $aSeMil$W1$xVenegono$y1$m2XA G 454$j248784$B249703$CSeMilBibl$Z2$F249703 $81 996 $6020$a978-88-399-3454-3$9(OLS)http://semarc/number/300532 996 $6245$aLa Chiesa ha bisogno di sacerdoti? :$bun accertamento a partire dal Nuovo Testamento$9(OLS)http://semarc/title/448977 996 $6264$aBrescia :$bQueriniana$9(OLS)http://semarc/publisher/29615